000 00284cam a22001091 4500
050 0 0 _aQD416
_b.S58
100 1 _aSimonsen, John Lionel,
_d1884-
245 1 4 _aThe terpenes,
_cby J. L. Simonsen.
260 _aCambridge [Eng.]
_bThe University Press,
_c1931-32.
300 _a2 v.
942 _cGEN
999 _c1975
_d1975